000 00776 a2200193 4500
005 20080908154416.0
008 080908t xxu||||| |||| 00| 0 eng d
010 _aENG-87676
020 _c235.00
035 _aEN-71209
037 _bDBAD / PUB
082 _a880.8
245 _aIndian writing in English : recent trends and concerns
_cedited by S. Ravilndranathan and P.K. Kalyani
260 _aTirunelveli
_bManonmaniam Sundaranar University
_c2006
270 _aPublication Division
_bTirunelveli
_e627 012
300 _a359 p.
_c22 cm ( Pbk)
942 _adpl
_cEN
_k880.8/IND
_2ddc
_h880.8
_mIND
999 _c6785
_d6785